000 00201nam a22000977a 4500
008 171024b xxu||||| |||| 00| 0 eng d
020 _ami0023836397
041 _aeng
080 _22ND
_a311
100 _a55
999 _c35709
_d35709